Central Library OPAC University of Rajshahi

MAO TSE-TUNG / (Record no. 26979)

MARC details
000 -LEADER
fixed length control field 00479nam a22001937a 4500
001 - CONTROL NUMBER
control field 26979
003 - CONTROL NUMBER IDENTIFIER
rucl marc code BD-RjUL
005 - DATE AND TIME OF LATEST TRANSACTION
control field 20211209051109.0
008 - FIXED-LENGTH DATA ELEMENTS--GENERAL INFORMATION
fixed length control field 140324b1967 ch ||||| |||| 00| 0 eng d
035 ## - SYSTEM CONTROL NUMBER
System control number (BD-RjUL)27050
040 ## - CATALOGING SOURCE
Original cataloging agency BD-RjUL
Language of cataloging eng
Transcribing agency BD-RjUL
041 ## - LANGUAGE CODE
Language code of text/sound track or separate title eng
082 ## - DEWEY DECIMAL CLASSIFICATION NUMBER
Classification number 923.2
Author mark and year TSM 1967
100 ## - MAIN ENTRY--PERSONAL NAME
Personal name TSE-TUNG MAO
9 (RLIN) 82906
245 ## - TITLE STATEMENT
Title MAO TSE-TUNG /
Statement of responsibility, etc. MAO TSE-TUNG
300 ## - PHYSICAL DESCRIPTION
Pagination 189 p. ;
Size 16 cm.
650 ## - SUBJECT ADDED ENTRY--TOPICAL TERM
Topical term or geographic name as entry element literature
Form subdivision Biography
9 (RLIN) 82907
942 ## - ADDED ENTRY ELEMENTS (KOHA)
Source of classification or shelving scheme Dewey Decimal Classification
Koha item type Books
Holdings
Lost status Source of classification or shelving scheme Damaged status Not for loan Collection code Permanent Location Current Location Shelving location Date acquired Source of acquisition Cost, normal purchase price Total Checkouts Full call number Date last seen Copy number Koha item type
  Dewey Decimal Classification   Added to bundle Non-fiction Central Library, University of Rajshahi Central Library, University of Rajshahi Reading Room 03/11/1990 shqwkat osman dhaka 0.00   923.2 TSM 1967 24/03/2014 C-1 Books